000 00561nam a2200157Ia 4500
008 210327s9999||||xx |||||||||||||| ||und||
040 _cSTCPL
041 _hMAL
082 _a894.812 2
_bRAM-A
100 _aRamachandran Nair Panmana
245 0 _aAascharyachoodaamani
_hആശ്ചര്യചൂഡാമണി
260 _aKoyttayam
_bKairali Publications
_c1979
300 _a93
650 _aGeneralLOVE AMONG THE RUINS, FRA LIPPO LIPPI MESMERISM, MASTER HUGUES OF SAXE- GOTHA, ANDREA DEL SARTO, WOMEN AND ROSES, THE TWINS, MISCONCEPTIONS
942 _cBK
999 _c27599
_d27599